| 000 | 00527nam a2200169Ia 4500 | ||
|---|---|---|---|
| 005 | 20250423100104.0 | ||
| 008 | 250422s9999 xx 000 0 und d | ||
| 020 | _a978348303X | ||
| 050 | _aHT 243.N6 A24/ | ||
| 245 | 0 | _aManaging the environment in popular neighbourhoods : a manual for action | |
| 260 | _aLagos | ||
| 260 | _bShelter Rights Initiative | ||
| 260 | _c2001. | ||
| 300 | _a121 p | ||
| 650 | _aUrban ecology (Sociology)--Nigeria. Community development--Nigeria. Environmental policy--Nigeria. | ||
| 942 | _cBK | ||
| 999 |
_c32251 _d32251 |
||